[Event "Championnat de France Pupille"]
[Site "CALVI"]
[Date "????.??.??"]
[Round "4.9"]
[White "Meunier, Clement"]
[Black "Saatdjian, Stephane"]
[Result "0-1"]
[WhiteElo "1690"]
[BlackElo "1931"]
[PlyCount "80"]
[EventDate "2005.??.??"]
[SourceDate "2005.04.17"]

1. e4 c5 2. Nc3 g6 3. Bc4 Bg7 4. a3 Nc6 5. Nge2 e6 6. d3 Nge7 7. O-O O-O 8. Be3
d5 9. exd5 exd5 10. Nxd5 Nxd5 11. Bxc5 Re8 12. Rb1 b6 13. Bb5 Bb7 14. Bd4 Nxd4
15. Bxe8 Nxe2+ 16. Qxe2 Qxe8 17. Qd2 Qc6 18. f3 Rc8 19. c3 Re8 20. Kh1 Ne3 21.
Rf2 Bh6 22. Re2 Nf5 23. Rxe8+ Qxe8 24. Qf2 Qe3 25. Qxe3 Bxe3 26. Re1 h5 27. h3
h4 28. d4 Kg7 29. Rd1 Bd5 30. Rb1 Bb3 31. Ra1 Kh6 32. a4 Kg5 33. Ra3 Bd5 34. a5
Kf4 35. Kh2 Ng3 36. axb6 axb6 37. Ra6 {Diagramme #} 37... Nf1+ 38. Kh1 Kg3 39.
Rxb6 Bxf3 40. gxf3 Kxh3 0-1

[Event "Championnat de France Pupille"]
[Site "CALVI"]
[Date "????.??.??"]
[Round "4.10"]
[White "Botto, Julien"]
[Black "Domenech, Vianney"]
[Result "1-0"]
[WhiteElo "1900"]
[BlackElo "1680"]
[PlyCount "109"]
[EventDate "2005.??.??"]
[SourceDate "2005.04.17"]

1. e4 c5 2. Nc3 Nc6 3. Bb5 g6 4. Bxc6 dxc6 5. f4 Bg7 6. d3 e6 7. Nf3 Ne7 8. O-O
b6 9. Qe1 a5 10. Ng5 h6 11. Nh3 e5 12. Qg3 Bxh3 13. Qxh3 exf4 14. Rxf4 g5 15.
Rf3 Ng6 16. Be3 h5 17. Qf5 Ne5 18. Rf2 f6 19. Ne2 Qd7 20. Ng3 Ng4 21. Rf3 Ne5
22. Rf2 Ng4 23. Re2 O-O-O 24. Rf1 Kb7 25. Qxd7+ Rxd7 26. Nf5 Nxe3 27. Rxe3 Rf8
28. Ref3 Bh8 29. e5 Kc7 30. Ng3 h4 31. Nh5 g4 32. Rf4 Rd5 33. Nxf6 Rxe5 34.
Nd5+ Rxd5 35. Rxf8 Bd4+ 36. Kh1 Bxb2 37. R1f7+ Kd6 38. Rd8+ Ke6 39. Rxd5 Kxd5
40. Rf4 g3 41. Rxh4 gxh2 42. Kxh2 b5 43. Kg3 Bf6 44. Rg4 c4 45. dxc4+ bxc4 46.
Kf3 Kc5 47. Ke2 Kb4 48. Kd1 c5 49. Kc1 a4 50. Kb1 Kc3 51. Rf4 Bg7 52. g4 Kb4
53. g5 Kb5 54. g6 c3 55. Rf7 1-0

[Event "Championnat de France Pupillette"]
[Site "CALVI"]
[Date "????.??.??"]
[Round "4.1"]
[White "Kohi, Camilla"]
[Black "Lenoel, Marine"]
[Result "1-0"]
[WhiteElo "1881"]
[BlackElo "1580"]
[PlyCount "63"]
[EventDate "2005.??.??"]
[SourceDate "2005.04.17"]

1. e4 d5 2. exd5 Nf6 3. c4 c6 4. dxc6 Nxc6 5. Nf3 Bg4 6. Be2 e6 7. h3 Bh5 8.
Nc3 Bc5 9. O-O h6 10. Na4 Bb6 11. Nxb6 Qxb6 12. b3 O-O-O 13. d3 Nd7 14. Be3 Qa5
15. d4 f5 16. a3 Nf6 17. b4 Qc7 18. b5 Ne7 19. Ne5 Bg6 20. a4 Nd7 21. Bf4 Rhg8
22. Nxg6 Ne5 23. Nxe7+ Qxe7 24. Bxe5 g5 25. Qc1 Qh7 26. a5 Kd7 27. d5 exd5 28.
cxd5 g4 29. Qc7+ Ke8 30. Qxh7 gxh3 31. Bh5+ Kf8 32. Qf7# 1-0

[Event "Championnat de France Pupillette"]
[Site "CALVI"]
[Date "????.??.??"]
[Round "4.2"]
[White "Monasri, Sara"]
[Black "Lefevre, Margaux"]
[Result "0-1"]
[WhiteElo "1520"]
[BlackElo "1780"]
[PlyCount "84"]
[EventDate "2005.??.??"]
[SourceDate "2005.04.17"]

1. e4 e6 2. d4 d5 3. exd5 exd5 4. Bd3 Nc6 5. c3 Bd6 6. h3 Nge7 7. Qf3 Be6 8.
Ne2 Qd7 9. Bf4 Bxf4 10. Nxf4 O-O-O 11. Nd2 Kb8 12. O-O-O Rde8 13. Nxe6 Qxe6 14.
Rhe1 Qf6 15. Qxf6 gxf6 16. Re2 Ng6 17. Rde1 Rxe2 18. Rxe2 Nf4 19. Re3 Nxg2 20.
Rg3 Nf4 21. Kc2 Nd8 22. a3 c6 23. Rf3 $11 Ng2 24. Kd1 Kc7 25. Rxf6 Nh4 26. Rh6
Ng6 27. Nf3 Ne6 28. Bxg6 fxg6 29. Ne5 Nf8 30. Ke2 Rg8 31. Kf3 Rg7 32. Kg4 Kd6
33. Kg5 Ke7 34. h4 $11 Ne6+ 35. Kg4 a6 36. a4 Kf8 37. Kf3 Rc7 38. h5 Kg7 39.
Ng4 Ng5+ 40. Kg3 Nf7 41. Rxh7+ Kxh7 42. Nf6+ Kh6 0-1

[Event "Championnat de France Pupillette"]
[Site "CALVI"]
[Date "????.??.??"]
[Round "4.3"]
[White "Wehr, Margaux"]
[Black "Bellotti, Charlotte"]
[Result "1-0"]
[WhiteElo "1390"]
[BlackElo "1580"]
[PlyCount "57"]
[EventDate "2005.??.??"]
[SourceDate "2005.04.17"]

1. e4 c5 2. Nf3 e6 3. d4 cxd4 4. Nxd4 Qb6 5. Nb3 Nc6 6. Be3 Qd8 7. Nc3 d6 8.
Bb5 Nf6 9. f4 Be7 10. O-O O-O 11. Qf3 Re8 12. e5 dxe5 13. Bxc6 bxc6 14. Qxc6
Bd7 15. Qf3 exf4 16. Bxf4 Qc8 17. Kh1 Bc6 18. Qg3 Nh5 19. Qf2 Nxf4 20. Qxf4 Bf6
21. Qg3 Qb7 22. Rxf6 e5 23. Rf5 Qe7 24. Re1 f6 25. Ne4 Rac8 26. Nxf6+ Kh8 27.
Nxe8 Bxe8 28. Qxe5 Qd7 29. Rf8# 1-0

[Event "Championnat de France Pupillette"]
[Site "CALVI"]
[Date "????.??.??"]
[Round "4.4"]
[White "Neuhauser, Salome"]
[Black "Llacer, Cassandra"]
[Result "1-0"]
[WhiteElo "1660"]
[BlackElo "1250"]
[PlyCount "69"]
[EventDate "2005.??.??"]
[SourceDate "2005.04.17"]

1. e4 e5 2. Nf3 Nc6 3. Bc4 Bc5 4. Nc3 Nf6 5. d3 d6 6. Be3 Bg4 7. h3 Bh5 8. g4
Bg6 9. Bg5 Bb4 10. Qd2 Nd4 11. Qd1 h6 12. Bd2 h5 13. g5 Nh7 14. h4 Qd7 15. Nxd4
exd4 16. Ne2 Bxd2+ 17. Qxd2 c5 18. Ng3 a5 19. O-O-O b5 20. Bd5 Ra6 21. Rde1 O-O
22. f4 Qg4 23. Ne2 Rc8 24. f5 Bxf5 25. exf5 Ra7 26. Be4 c4 27. Reg1 cxd3 28.
Qxd3 Rac7 29. Rxg4 hxg4 30. Nxd4 g3 31. f6 Nf8 32. fxg7 Kxg7 33. Nf5+ Kg8 34.
Nh6+ Kg7 35. Qd4+ 1-0

[Event "Championnat de France Pupillette"]
[Site "CALVI"]
[Date "????.??.??"]
[Round "4.5"]
[White "Balliet, Manon"]
[Black "Le Bail, Arielle"]
[Result "0-1"]
[WhiteElo "1450"]
[BlackElo "1650"]
[PlyCount "152"]
[EventDate "2005.??.??"]
[SourceDate "2005.04.17"]

1. e4 e6 2. d4 d5 3. e5 c5 4. c3 Nc6 5. Be3 c4 6. Nf3 Bd7 7. Be2 Nge7 8. O-O
Ng6 9. b4 Be7 10. a4 a6 11. Qd2 O-O 12. Re1 Qe8 13. Na3 f6 14. Nc2 fxe5 15.
dxe5 Ncxe5 16. Nxe5 Nxe5 17. Bd4 Ng6 18. Bh5 Bf6 19. Qe3 Bxd4 20. Nxd4 Rf6 21.
a5 Qf7 22. Nf3 Qe7 23. Bxg6 Rxg6 24. Rad1 Bc6 25. Ne5 Rh6 26. Nxc6 bxc6 27. g3
Qa7 28. Qe5 Rf8 29. Re2 Rhf6 30. Rdd2 Qb8 31. Qe3 Re8 32. f4 Re7 33. Kg2 Qb5
34. Qe5 Kf7 35. Qh5+ Kg8 36. Qe5 Qb7 37. Kf3 Rf5 38. Qd6 Kf7 39. g4 Rf6 40. g5
Rf5 41. Re5 Qd7 42. Qxd7 Rxd7 43. Rxf5+ exf5 44. h4 $11 Rc7 45. Ke3 Re7+ 46.
Kf3 Re1 47. Rc2 Ke6 48. Re2+ Rxe2 49. Kxe2 Kd6 50. Kd2 c5 51. bxc5+ Kxc5 52.
Ke3 g6 53. Kd2 d4 54. cxd4+ Kxd4 55. Kc2 Ke4 56. Kc3 Kxf4 57. Kxc4 Ke4 58. Kc5
f4 59. Kb6 f3 60. Kxa6 f2 61. Kb6 f1=Q 62. a6 Qxa6+ 63. Kxa6 Kf4 64. Kb6 Kg4
65. Kc6 Kxh4 66. Kd5 Kxg5 67. Ke4 Kg4 68. Ke3 Kg3 69. Ke2 Kg2 70. Ke3 h5 71.
Kf4 h4 72. Kg5 h3 73. Kxg6 h2 74. Kf5 h1=Q 75. Kf4 Qe1 76. Kg4 Qf2 0-1

[Event "Championnat de France Pupillette"]
[Site "CALVI"]
[Date "????.??.??"]
[Round "4.6"]
[White "Mencacci, Tiphanie"]
[Black "Miralles, Dina"]
[Result "1-0"]
[WhiteElo "1610"]
[BlackElo "1450"]
[PlyCount "89"]
[EventDate "2005.??.??"]
[SourceDate "2005.04.17"]

1. e4 d6 2. d4 Nf6 3. Nc3 g6 4. Be3 Bg7 5. Bc4 O-O 6. Nge2 Nc6 7. O-O e5 8. d5
Nb8 9. Qd2 Nbd7 10. Bh6 Nc5 11. Ng3 Re8 12. Bxg7 Kxg7 13. Qg5 Ng4 14. Qd2 Bd7
15. h3 Nf6 16. Rae1 b5 17. Bxb5 Bxb5 18. Nxb5 Qb8 19. c4 Qb7 20. Nc3 Rab8 21.
b3 Qb4 22. f4 Qb6 23. Kh1 Qb4 24. Rf3 a5 25. fxe5 Rxe5 26. Qf2 Ncd7 27. Rf1 Rf8
28. Kh2 Qb8 29. Nce2 Qe8 30. Nc3 Qb8 31. Nb5 Qb7 32. Kh1 Qb8 33. Kh2 Qb7 34.
Nd4 c5 35. dxc6 Qc7 36. cxd7 Nxd7 37. Rxf7+ Rxf7 38. Qxf7+ Kh8 39. Ne6 Rxe6 40.
Qxe6 Qc6 41. Qe8+ Kg7 42. Rf7+ Kh6 43. Rxd7 Qc5 44. Qe7 Qa3 45. Qh4# 1-0

[Event "Championnat de France Pupillette"]
[Site "CALVI"]
[Date "????.??.??"]
[Round "4.8"]
[White "Jerab, Donia"]
[Black "Mallet, Berenice"]
[Result "0-1"]
[WhiteElo "1450"]
[BlackElo "1550"]
[PlyCount "74"]
[EventDate "2005.??.??"]
[SourceDate "2005.04.17"]

1. e4 e6 2. d4 d5 3. e5 c5 4. Nf3 Bd7 5. Nc3 Ne7 6. Be3 Nf5 7. Bf4 Nc6 8. dxc5
Bxc5 9. Bd3 Nfe7 10. a3 Ng6 11. Bg3 O-O 12. b4 Bb6 13. O-O Rc8 14. Nb5 Bc7 15.
c4 Bxe5 16. Bxg6 Bxa1 17. Bxh7+ Kxh7 18. Qxa1 Ne7 19. Nd6 Rc6 20. Nxb7 Qc8 21.
Nd6 Qa6 22. b5 Qb6 23. bxc6 Qxc6 24. Qd4 f6 25. cxd5 Nxd5 26. Qxa7 e5 27. Nc4
Ra8 28. Nd4 Qc8 29. Nb6 Rxa7 30. Nxc8 Bxc8 31. Nb5 Ra5 32. Rb1 Bf5 33. Rb3 Bc2
34. Rb2 Bd3 35. Rd2 Rxb5 36. Rxd3 Rb1+ 37. Rd1 Rxd1# 0-1

[Event "Championnat de France Pupillette"]
[Site "CALVI"]
[Date "????.??.??"]
[Round "4.9"]
[White "Bogen, Fanny"]
[Black "Uhl, Sarah"]
[Result "0-1"]
[WhiteElo "1540"]
[BlackElo "1360"]
[PlyCount "154"]
[EventDate "2005.??.??"]
[SourceDate "2005.04.17"]

1. e4 d6 2. d4 Nf6 3. Nc3 g6 4. Bc4 Bg7 5. Bg5 O-O 6. Qd2 e5 7. Nf3 Nbd7 8. O-O
exd4 9. Qxd4 Nb6 10. Nd5 Nbxd5 11. Bxd5 Nh5 12. Bxd8 Bxd4 13. Nxd4 Rxd8 14.
Rfe1 Nf6 15. Bc4 Re8 16. f3 Be6 $11 17. Bd3 Bd7 18. Re2 Re7 19. Rae1 Rae8 20.
c4 Nh5 21. g3 Ng7 22. f4 f5 23. e5 dxe5 24. fxe5 Ne6 25. Nf3 Bc6 26. Nh4 Nd4
27. Re3 a6 28. c5 Rd8 29. Bc4+ Bd5 30. Bxd5+ Rxd5 31. Rd3 c6 32. b4 Nc2 33.
Rxd5 cxd5 34. Rc1 Nxb4 35. a4 Nd3 36. Rd1 Nxc5 37. Rxd5 Nxa4 38. Rd8+ Kf7 39.
Nf3 Nc5 40. Ng5+ Kg7 41. Rc8 Nd3 42. e6 h6 43. Nf3 Kf6 44. Rf8+ Kxe6 45. Nd4+
Kd7 46. Rf6 Re4 47. Rf7+ Re7 48. Rf6 Ne5 49. Nb3 Re6 50. Nc5+ Kc6 51. Rxe6+
Kxc5 52. Rxe5+ Kc4 53. Re6 a5 54. Rb6 a4 55. Kf1 a3 56. Rb1 b5 57. Ke1 Kc3 58.
Kd1 b4 59. Kc1 b3 60. Kd1 b2 61. h3 a2 62. Rxb2 Kxb2 63. g4 a1=Q+ 64. Ke2 fxg4
65. hxg4 Qa3 66. g5 h5 67. Kf2 Qe7 68. Kg3 Kc3 69. Kh4 Kd4 70. Kh3 Qf7 71. Kh4
Ke3 72. Kh3 Qf3+ 73. Kh2 Qf4+ 74. Kh1 Qxg5 75. Kh2 Kf2 76. Kh3 Qg4+ 77. Kh2
Qg2# 0-1

[Event "Championnat de France Pupillette"]
[Site "CALVI"]
[Date "????.??.??"]
[Round "4.10"]
[White "Mansard, Jennifer"]
[Black "Armas, Lena"]
[Result "0-1"]
[WhiteElo "1210"]
[BlackElo "1500"]
[PlyCount "70"]
[EventDate "2005.??.??"]
[SourceDate "2005.04.17"]

1. e4 e5 2. Nf3 Nc6 3. Bc4 Bc5 4. d3 h6 5. Nc3 d6 6. h3 Nf6 7. O-O O-O 8. Bd2
a6 9. a3 Re8 10. b4 Ba7 11. b5 axb5 12. Bxb5 Nd7 13. Nd5 Nb6 14. Nxb6 Bxb6 15.
Qb1 Qf6 16. Qb3 Qg6 17. Nh4 Qf6 18. Nf3 Rf8 19. Qc4 Nd4 20. Nxd4 Bxd4 21. Ra2
Be6 22. Qxc7 Bxa2 23. Qxb7 Be6 24. Bb4 Qg6 25. Kh2 Rfd8 26. Bc4 Bxc4 27. dxc4
Bc5 28. Bxc5 dxc5 29. Ra1 Ra4 30. Qb5 Rda8 31. Qxc5 Qxe4 32. c3 Rxc4 33. Qe3
Qxe3 34. fxe3 Rxc3 35. a4 Rxe3 {et gain noir au 61eme} 0-1

[Event "Championnat de France Pupille"]
[Site "CALVI"]
[Date "????.??.??"]
[Round "5.1"]
[White "Sochacki, Christophe"]
[Black "Dionisi, Thomas"]
[Result "0-1"]
[WhiteElo "1960"]
[BlackElo "1990"]
[PlyCount "52"]
[EventDate "2005.??.??"]
[SourceDate "2005.04.17"]

1. e4 e6 2. d4 d5 3. Nc3 Nf6 4. e5 Nfd7 5. f4 c5 6. Nf3 Nc6 7. Be3 cxd4 8. Nxd4
Bc5 9. Nxc6 bxc6 10. Bxc5 Nxc5 11. b4 Nd7 12. Qg4 O-O 13. Bd3 Qb6 14. Qh4 f5
15. Ne2 Qxb4+ 16. c3 Qc5 17. Kd2 Nb6 18. Rhb1 a5 19. Nd4 Nc4+ 20. Ke2 Na3 21.
Rb3 a4 22. Rxa3 Qxa3 23. Nxc6 Qb2+ 24. Kf3 Qxa1 25. Qh5 Rf7 26. Nd8 Raa7 0-1

[Event "Championnat de France Pupille"]
[Site "CALVI"]
[Date "????.??.??"]
[Round "5.2"]
[White "Yu, William"]
[Black "Fevre, Mathieu"]
[Result "0-1"]
[WhiteElo "1860"]
[BlackElo "1951"]
[PlyCount "92"]
[EventDate "2005.??.??"]
[SourceDate "2005.04.17"]

1. g3 c5 2. Bg2 g6 3. e4 Bg7 4. d3 Nc6 5. f4 e6 6. Nc3 a6 7. Be3 b6 8. e5 d5 9.
exd6 Qxd6 10. Nf3 Nge7 11. O-O O-O 12. Ne4 Qc7 13. c3 Bb7 14. Qc2 Rfd8 15. Rad1
Rd7 16. Ned2 Rad8 17. Nb3 Nf5 18. Bf2 e5 19. fxe5 Nxe5 20. Nxe5 Bxe5 21. Rfe1
Bxg2 22. Kxg2 Bg7 23. Kg1 Qc6 24. Rd2 Qf3 25. d4 cxd4 26. Nxd4 Nxd4 27. Bxd4
Bxd4+ 28. Rxd4 Rxd4 29. cxd4 Rxd4 30. Qc3 Qxc3 31. bxc3 Rd2 32. Rb1 b5 33. a4
bxa4 34. Ra1 Rc2 35. Rxa4 Rxc3 36. Rxa6 Rc2 37. Rf6 Kg7 38. Rf2 Rxf2 39. Kxf2
Kf6 40. Kf3 Kf5 41. h3 g5 42. Ke3 g4 43. h4 Ke5 44. h5 h6 45. Kd3 f6 46. Ke3 f5
0-1

[Event "Championnat de France Pupille"]
[Site "CALVI"]
[Date "????.??.??"]
[Round "5.3"]
[White "Capponi, Axel"]
[Black "Manoeuvre, Antoine"]
[Result "1/2-1/2"]
[WhiteElo "1770"]
[BlackElo "1970"]
[PlyCount "66"]
[EventDate "2005.??.??"]
[SourceDate "2005.04.17"]

1. d4 Nf6 2. c4 g6 3. Nc3 Bg7 4. e4 d6 5. Bd3 O-O 6. Nge2 e5 7. d5 Nbd7 8. O-O
Nc5 9. Bc2 a5 10. Rb1 Bd7 11. f3 Ne8 12. Be3 b6 13. b3 f5 14. exf5 Bxf5 15.
Bxf5 gxf5 16. Qd2 Kh8 17. a3 Qd7 18. b4 axb4 19. axb4 Na4 20. f4 Rg8 21. Ra1 e4
22. Rxa4 Rxa4 23. Nxa4 Qxa4 24. Nd4 Bxd4 25. Bxd4+ Ng7 26. g4 h6 27. g5 Kh7 28.
Qc3 Qe8 29. Bxg7 Rxg7 30. Qh3 Qg6 31. Kh1 Rf7 32. Rg1 Rg7 33. Rg3 h5 1/2-1/2

[Event "Championnat de France Pupille"]
[Site "CALVI"]
[Date "????.??.??"]
[Round "5.4"]
[White "Gallant, Aurelien"]
[Black "Ider, Borya"]
[Result "0-1"]
[WhiteElo "1540"]
[BlackElo "1939"]
[PlyCount "108"]
[EventDate "2005.??.??"]
[SourceDate "2005.04.17"]

1. e4 c6 2. d4 d5 3. Nc3 g6 4. Bd3 Bg7 5. e5 Nh6 6. Nge2 f6 7. exf6 exf6 8. h4
Na6 9. a3 Nc7 10. Ng3 Bg4 11. f3 Qd6 12. Nce2 Be6 13. Bf4 Qd7 14. Qd2 Nf7 15.
Be3 Nd6 16. h5 Nf5 17. Nxf5 Bxf5 18. h6 Bf8 19. g4 Bxd3 20. Qxd3 Bd6 21. O-O-O
O-O-O 22. Rde1 Rhe8 23. Bf4 Ne6 24. Bxd6 Qxd6 25. Qd2 Ng5 26. Rhf1 Re7 27. Nc3
$11 Rxe1+ 28. Qxe1 Kd7 29. f4 Re8 30. Qd2 Ne4 31. Nxe4 Rxe4 32. g5 f5 33. Rf3
b6 34. Kb1 Qe7 35. Qd3 Kc7 36. Ka2 Re2 37. Qb3 Qe4 38. Qa4 Kb7 39. Rc3 Qe8 40.
Qb3 Re4 41. Rf3 Rxd4 42. Qe3 Qxe3 43. Rxe3 Re4 44. Rxe4 dxe4 45. Kb1 Kc7 46.
Kc1 Kd6 47. Kd2 a5 48. Ke3 Kd5 49. b3 b5 50. Kd2 b4 51. axb4 axb4 52. c3 bxc3+
53. Kxc3 c5 54. Kd2 Kd4 0-1

[Event "Championnat de France Pupille"]
[Site "CALVI"]
[Date "????.??.??"]
[Round "5.5"]
[White "Saatdjian, Stephane"]
[Black "L'Huillier, Robin"]
[Result "1-0"]
[WhiteElo "1931"]
[BlackElo "1730"]
[PlyCount "115"]
[EventDate "2005.??.??"]
[SourceDate "2005.04.17"]

1. e4 e5 2. Bc4 Nf6 3. d3 Nc6 4. f4 Bc5 5. Nf3 d6 6. Nc3 O-O 7. Na4 Bb6 8. Nxb6
axb6 9. fxe5 dxe5 10. a3 Bg4 11. c3 Re8 12. O-O Be6 13. Bb5 Qd6 14. Bxc6 bxc6
15. Bg5 Bg4 16. h3 Bh5 17. Bxf6 Qxf6 18. g4 Bg6 19. Qe2 Rad8 20. Rad1 c5 21. b4
Qc6 22. Rc1 c4 23. dxc4 Qxe4 24. Qxe4 Bxe4 25. Rce1 Bd3 26. Rf2 e4 27. Ng5 e3
28. Rf4 f6 29. Nf3 e2 30. Kf2 Re7 31. Ng1 Rde8 32. Rd4 Re3 33. a4 R8e5 34. c5
bxc5 35. bxc5 Bc2 36. Rxe2 Rxe2+ 37. Nxe2 Rxc5 38. Rb4 Kf7 39. Ke3 Bd1 40. Nf4
g5 41. Nh5 Rxc3+ 42. Kd2 Rb3 43. Rc4 Bxg4 44. hxg4 Rb7 45. Kc3 Ra7 46. Kb4 Rb7+
47. Ka5 h6 48. Rc6 Ra7+ 49. Ra6 Rxa6+ 50. Kxa6 Kg6 51. Kb7 f5 52. a5 fxg4 53.
Ng3 h5 54. a6 h4 55. a7 hxg3 56. a8=Q Kf5 57. Kxc7 Kf4 58. Qg2 1-0

[Event "Championnat de France Pupille"]
[Site "CALVI"]
[Date "????.??.??"]
[Round "5.6"]
[White "Mouhamad, Joachin"]
[Black "Botto, Julien"]
[Result "1-0"]
[WhiteElo "1750"]
[BlackElo "1900"]
[PlyCount "63"]
[EventDate "2005.??.??"]
[SourceDate "2005.04.17"]

1. e4 c5 2. Nc3 Nc6 3. g3 d6 4. Bg2 Nf6 5. d3 g6 6. Be3 Bg7 7. h3 O-O 8. f4 e6
9. Nf3 Ne8 10. O-O f5 11. Qd2 Rb8 12. Rab1 b6 13. g4 Nf6 14. gxf5 exf5 15. Qf2
Qc7 16. Qh4 Bh8 17. Ng5 Nd8 18. exf5 Bxf5 19. Nd5 Qd7 20. Rbe1 Ne6 21. Bd2 Rbe8
22. Bc3 Nxd5 23. Bxd5 Bxc3 24. bxc3 Re7 25. Re3 Rfe8 26. Rfe1 Kh8 27. Nxe6 Bxe6
28. Qf6+ Rg7 29. Rxe6 Reg8 30. Re7 Qxh3 31. Qxg7+ Rxg7 32. Re8+ 1-0

[Event "Championnat de France Pupille"]
[Site "CALVI"]
[Date "????.??.??"]
[Round "5.7"]
[White "Samoun, Florent"]
[Black "Giraud, Aymeric"]
[Result "1-0"]
[WhiteElo "1870"]
[BlackElo "1710"]
[PlyCount "66"]
[EventDate "2005.??.??"]
[SourceDate "2005.04.17"]

1. e4 e5 2. Nf3 Nf6 3. Nxe5 d6 4. Nf3 Nxe4 5. Bd3 Nf6 6. O-O Bg4 7. c3 d5 8.
Bc2 Nbd7 9. d4 Be7 10. Bf4 O-O 11. Qd3 Ne4 12. Re1 Bf5 13. Qe3 Ndf6 14. h3 Nh5
15. Bh2 Bg6 16. c4 c6 17. c5 b6 18. b4 a5 19. Ne5 Bg5 20. Qf3 Bh4 21. Bxe4 Bxe4
22. Qxh5 g6 23. Qe2 Qg5 24. Qg4 Qf6 25. Rf1 Bf5 26. Qf3 Qg5 27. Bf4 Qf6 28. Nd2
g5 29. Bg3 Kh8 30. Rae1 h5 31. Nd7 Qxd4 32. Be5+ f6 33. Bxd4 g4 1-0

[Event "Championnat de France Pupille"]
[Site "CALVI"]
[Date "????.??.??"]
[Round "5.8"]
[White "Divine, Armand"]
[Black "Gattullo, Elia"]
[Result "0-1"]
[WhiteElo "1707"]
[BlackElo "1810"]
[PlyCount "110"]
[EventDate "2005.??.??"]
[SourceDate "2005.04.17"]

1. e4 c5 2. Nf3 Nc6 3. d4 cxd4 4. Nxd4 e6 5. Nc3 Nf6 6. Be3 Be7 7. f3 a6 8. Qd2
Qc7 9. O-O-O b5 10. g4 Bb7 11. g5 Nh5 12. Be2 O-O-O 13. Nb3 g6 14. Nc5 d6 15.
Nxb7 Kxb7 16. f4 Ng7 17. a4 b4 18. Na2 a5 19. Qd3 Ra8 20. Qb5+ Kc8 21. Bd4 Nxd4
22. Rxd4 Qb7 23. Rc4+ Kb8 24. Qxb7+ Kxb7 25. Rd1 Rhc8 26. Rdd4 Rxc4 27. Rxc4
Rc8 28. Rxc8 Kxc8 29. c3 b3 30. Nb4 axb4 31. cxb4 d5 32. b5 Bb4 33. exd5 exd5
34. Bf3 d4 35. Bd5 Ne6 36. Bxb3 d3 37. h4 Kb7 38. Bd5+ Kb6 39. Be4 Nxf4 40. h5
Nxh5 41. Bxd3 Ng7 42. Kc2 Ne6 43. Kb3 Be7 44. Kc4 Nxg5 45. b4 h5 46. a5+ Kb7
47. b6 Bd8 48. Kb5 Bxb6 49. axb6 h4 50. Bc4 h3 51. Bd5+ Kb8 52. Kc6 f5 53. Kd6
f4 54. Ke5 f3 55. Kf4 f2 0-1

[Event "Championnat de France Pupille"]
[Site "CALVI"]
[Date "????.??.??"]
[Round "5.9"]
[White "Piraud, Emmanuel"]
[Black "Viers, Emmanuel"]
[Result "0-1"]
[WhiteElo "1800"]
[BlackElo "1710"]
[PlyCount "64"]
[EventDate "2005.??.??"]
[SourceDate "2005.04.17"]

1. e4 c5 2. Nf3 Nc6 3. d4 cxd4 4. Nxd4 g6 5. Bc4 Bg7 6. c3 Nf6 7. Qe2 O-O 8.
O-O d6 9. Bg5 Bd7 10. Nd2 Rc8 11. h3 Qb6 12. Nxc6 Bxc6 13. Bb3 Bb5 14. Bc4 Bxc4
15. Nxc4 Qb5 16. b3 Qxg5 17. Rac1 d5 18. Nd2 Nxe4 19. Nxe4 dxe4 20. Qxe4 b6 21.
f4 Qa5 22. Qxe7 Qxa2 23. Qb4 Qd2 24. Qa4 Rxc3 25. Rxc3 Qxc3 26. Kh2 a5 27. Qb5
Qb4 28. Qd3 Bh6 29. f5 b5 30. Qg3 a4 31. bxa4 bxa4 32. h4 a3 0-1

[Event "Championnat de France Pupille"]
[Site "CALVI"]
[Date "????.??.??"]
[Round "5.10"]
[White "Lagarde, Maxime"]
[Black "Nguyen, Vincent"]
[Result "0-1"]
[WhiteElo "1780"]
[BlackElo "1668"]
[PlyCount "68"]
[EventDate "2005.??.??"]
[SourceDate "2005.04.17"]

1. e4 e6 2. d4 d5 3. Nc3 Bb4 4. Nge2 dxe4 5. a3 Bxc3+ 6. Nxc3 f5 7. f3 exf3 8.
Qxf3 Nf6 9. Bd2 Nc6 10. Bb5 Bd7 11. O-O-O O-O 12. Bxc6 Bxc6 13. Qg3 Ne4 14.
Nxe4 Bxe4 15. Bf4 c6 16. Qe3 b5 17. Rhg1 Qd5 18. g4 fxg4 19. Be5 Bf5 20. h3 Qc4
21. Qd2 b4 22. hxg4 Bg6 23. b3 Qd5 24. axb4 a5 25. Kb2 axb4 26. Qxb4 Rf2 27.
Rd2 c5 28. Qc3 Rxd2 29. Qxd2 c4 30. Qg2 Qa5 31. Rb1 cxb3 32. Kxb3 Qa2+ 33. Kc3
Ra3+ 34. Kd2 Qxc2+ 0-1

[Event "Championnat de France Pupillette"]
[Site "CALVI"]
[Date "????.??.??"]
[Round "5.1"]
[White "Lefevre, Margaux"]
[Black "Kohi, Camilla"]
[Result "1/2-1/2"]
[WhiteElo "1780"]
[BlackElo "1881"]
[PlyCount "130"]
[EventDate "2005.??.??"]
[SourceDate "2005.04.17"]

1. e4 e6 2. d4 d5 3. e5 c5 4. c3 Nc6 5. Nf3 Qb6 6. Be2 f6 7. O-O cxd4 8. cxd4
fxe5 9. dxe5 Nge7 10. b3 Ng6 11. Bb2 Bd7 12. Nc3 a6 13. Rc1 Be7 14. Qc2 O-O 15.
Na4 Qa7 16. a3 Rac8 17. Qb1 b5 18. Nc3 b4 19. axb4 Nxb4 20. Na4 Nf4 21. Bd1
Bxa4 22. bxa4 Nbd3 23. Rc3 Nxb2 24. Qxb2 Qd7 25. Qc2 Rxc3 26. Qxc3 Qxa4 27.
Bxa4 Ne2+ 28. Kh1 Nxc3 29. Bd7 Kf7 30. Nd4 Bb4 31. Bxe6+ Ke7 32. f4 Ne2 33.
Nxe2 Kxe6 34. g3 g6 $11 35. Ra1 a5 36. Nd4+ Ke7 37. Nc6+ Kd7 38. Nxa5 Ra8 39.
Nb3 Rxa1+ 40. Nxa1 d4 41. Nc2 d3 42. Ne3 d2 43. Nd1 Ke6 44. Kg2 Kd5 45. Kf3 Ke6
$11 46. Ke4 Ba5 47. Kd3 Kd5 48. Ne3+ Ke6 49. Ke2 Bc3 $11 50. Nf1 Bb4 51. Nxd2
Bc5 52. Nf3 Kf5 53. h3 Bb6 54. Nd2 Ke6 55. Kf3 Kf5 56. g4+ Ke6 57. Ke4 Ba5 58.
Nf3 Bd8 59. Ng5+ Bxg5 60. fxg5 Ke7 61. h4 Ke6 62. h5 Ke7 63. hxg6 hxg6 64. Kd5
Kd7 65. e6+ Ke8 1/2-1/2

[Event "Championnat de France Pupillette"]
[Site "CALVI"]
[Date "????.??.??"]
[Round "5.2"]
[White "Lenoel, Marine"]
[Black "Wehr, Margaux"]
[Result "1-0"]
[WhiteElo "1580"]
[BlackElo "1390"]
[PlyCount "121"]
[EventDate "2005.??.??"]
[SourceDate "2005.04.17"]

1. e4 c5 2. Nc3 Nc6 3. Nf3 Nf6 4. d4 cxd4 5. Nxd4 e5 6. Nxc6 bxc6 7. Bc4 Bb4 8.
Bd2 Bxc3 9. Bxc3 Nxe4 10. Qh5 O-O 11. Qxe5 Nxc3 12. Qxc3 Re8+ 13. Kf1 d5 14.
Bd3 Qb6 15. h4 c5 16. b3 Bg4 17. h5 h6 18. Rh4 Bd7 19. a4 Re6 20. Re1 Rf6 21.
Re2 Rc8 22. Qe5 Qb7 23. Rg4 Qb6 24. Rg3 Qe6 25. Qc3 Qd6 26. Kg1 Kf8 27. Qa5 Qb6
28. Qc3 Qd6 29. Qd2 Qf4 30. Qe3 Bg4 {Diagramme #} 31. Qe7+ Kg8 32. Rxg4 Qd6 33.
Qxa7 Kf8 34. Qb7 Rb8 35. Qa6 Qxa6 36. Bxa6 Rxa6 37. Rd2 Rd6 38. Rd3 Re8 39. Kf1
Rde6 40. g3 Re1+ 41. Kg2 d4 42. Rf4 R8e5 43. c3 dxc3 44. Rxc3 Rxh5 45. Rfc4
Ree5 46. a5 Re6 47. Rxc5 Rxc5 48. Rxc5 Ra6 49. b4 Ke7 50. f4 Rd6 51. b5 Rd2+
52. Kh3 Ra2 53. a6 Ra5 54. b6 Rxa6 55. b7 Rb6 56. Rc7+ Ke6 57. Rc6+ Rxc6 58.
b8=Q Rd6 59. Qf8 Rd1 60. Qxg7 f6 61. Qg4+ 1-0

[Event "Championnat de France Pupillette"]
[Site "CALVI"]
[Date "????.??.??"]
[Round "5.3"]
[White "Armas, Lena"]
[Black "Neuhauser, Salome"]
[Result "0-1"]
[WhiteElo "1500"]
[BlackElo "1660"]
[PlyCount "68"]
[EventDate "2005.??.??"]
[SourceDate "2005.04.17"]

1. e4 c5 2. Nf3 d6 3. Nc3 g6 4. Bc4 Bg7 5. d3 Nc6 6. O-O Nf6 7. h3 h6 8. Be3 g5
9. e5 dxe5 10. Bxc5 a6 11. Re1 Qc7 12. a4 g4 13. hxg4 Bxg4 14. Qe2 e4 15. dxe4
Ne5 16. Bxf7+ Kxf7 17. Nxe5+ Qxe5 18. Qe3 Bh5 19. f3 Nd7 20. Bb4 Qd4 21. Qxd4
Bxd4+ 22. Kh2 Rhg8 23. Rab1 Rg5 24. Nd5 Rag8 25. g4 Ne5 26. Rf1 Ke8 27. Bxe7
Nxg4+ 28. fxg4 Be5+ 29. Kh1 Rxg4 30. Rg1 Rxg1+ 31. Rxg1 Bf3+ 32. Rg2 Bxg2+ 33.
Kg1 Bxe4+ 34. Kf2 Bxd5 0-1